Luật Điện lực

Giới thiệu những quy định chung, quy hoạch đầu tư phát triển điện lực, tiết kiệm trong phát điện, truyền tải, phân phối và sử dụng điện, thị trường điện lực, giấy phép hoạt động điện lực, quyền và nghĩa vụ của đơn vị điện lực và khách hàng sử dụng điện, bảo vệ trong thiết bị điện, công trình điện lự...

ver descrição completa

Na minha lista:
Detalhes bibliográficos
Formato: Livro
Idioma:Vietnamese
Publicado em: H. Lao động Xã hội 2005
Assuntos:
Tags: Adicionar Tag
Sem tags, seja o primeiro a adicionar uma tag!
Thư viện lưu trữ: Mạng thư viện Đại học Đà Nẵng
LEADER 01722aam a22003738a 4500
001 000007259
003 3420
005 20111101101103.0
008 110928s2005 viesd
020 |c 6000đ  |d 1000b 
041 |a vie 
082 1 4 |2 14  |a 343.59709  |b Luâ 
084 |a S611.14z9 
084 |b L000D 
245 |a Luật Điện lực 
260 |a H.  |b Lao động Xã hội  |c 2005 
300 |a 71 tr.  |c 19 cm. 
500 |a Tên sách ngoài bìa: Tìm hiểu luật Điện lực 
520 |a Giới thiệu những quy định chung, quy hoạch đầu tư phát triển điện lực, tiết kiệm trong phát điện, truyền tải, phân phối và sử dụng điện, thị trường điện lực, giấy phép hoạt động điện lực, quyền và nghĩa vụ của đơn vị điện lực và khách hàng sử dụng điện, bảo vệ trong thiết bị điện, công trình điện lực và an toàn điện, quản lí nhà nước về hoạt động điện lực và sử dụng điện... 
650 7 |2 Bộ TK TVQG  |a Pháp luật 
650 7 |2 Bộ TK TVQG  |a Điện 
651 7 |2 Bộ TK TVQG  |a Việt Nam 
655 7 |2 Bộ TK TVQG  |a Sách thường thức 
910 |a Huỳnh Thị Cẩm Lai  |d 28/09/2011 
OWN |a LSP 
AVA |a UDN50  |b LSP  |d 343.59709 Luâ  |e available  |t Error 5001 Not defined in file expand_doc_bib_avail.  |f 2  |g 0  |h N  |i 0  |k 1 
999 |a From the UDN01 
AVA |a UDN50  |b LSP  |d 343.59709 Luâ  |e available  |t Error 5001 Not defined in file expand_doc_bib_avail.  |f 2  |g 0  |h N  |i 0  |k 1 
TYP |a Monograph 
TYP |a Printed language 
980 |a Mạng thư viện Đại học Đà Nẵng